All Avengers In The MCU - Statistics

General Stats
  • This quiz has been taken 914 times
  • The average score is 37 of 39
Answer Stats
First Appearance Avenger Real Name % Correct
Captain America: The First Avenger Captain America Steven (Steve) Rogers
100%
Iron Man Iron Man Anthony (Tony) Edward Stark
100%
The Incredible Hulk Hulk Robert David Bruce Banner
99%
Thor Thor King Thor Odinson God Of Thunder And Lightning
99%
Iron Man 2 Black Widow Natalia (Natasha,Natalie) (Romanoff,Rushman) Romanova
98%
Doctor Strange Doctor Strange Doctor Stephen Vincent Strange
97%
Guardians Of The Galaxy Drax Drax
97%
Thor Hawk-Eye Clinton (Clint) Barton
97%
Thor Loki Loki Laufeyson Odinson God Of Mischief
97%
Guardians Of The Galaxy Rocket Rocket
97%
Avengers: Age Of Ultron Vision Vision
97%
Ant-Man Ant-Man Scott Lang
96%
Captain America: Civil War Black Panther King T'Challa
96%
Captain Marvel Captain Marvel Col. Carol Danvers
96%
Guardians Of The Galaxy Gamora Gamora Zen Whoeberi Ben Titan
96%
Guardians Of The Galaxy Groot Groot
96%
Guardians Of The Galaxy Vol. 2. Mantis Mantis
96%
Captain America: Civil War Spider-Man Peter (Pete) Benjamin Parker
96%
Doctor Strange Wong Wong
96%
Guardians Of The Galaxy Nebula Nebula
95%
Iron Man Nick Fury Director Agent Nicholas (Nick) Joseph Fury
95%
Black Panther Okoye Okoye
95%
Captain America: The Winter Soldier Scarlet Witch Wanda Maximoff
95%
Guardians Of The Galaxy Star-Lord Peter Quill
95%
Ant-Man Wasp Hope Van Dyne
95%
Captain America: The First Avenger Winter Soldier James Buchanan (Bucky) Barnes
95%
Captain America: The Winter Soldier Falcon Samuel (Sam) Thomas Wilson
94%
Thor: Ragnarok Korg Korg
94%
Black Panther Shuri Princess Shuri
94%
Iron Man War Machine James (Jim,Jimmy) (Rhodey) Rhodes
94%
Iron Man Pepper Potts CEO Virginia (Pepper) Potts Stark
93%
Guardians Of The Galaxy Kraglin Kraglin
92%
Marvel's The Avengers Maria Hill Agent Maria Hill
92%
Black Panther M'Baku Prince M'Baku
92%
Iron Man Phil Coulson Director Agent Phillip (Phil) Coulson
91%
Captain America: The Winter Soldier Quicksilver Pietro Maximoff
90%
Thor Erik Selvig Doctor Erik Selvig
88%
Thor: Ragnarok Valkyrie Female warrior with unknown name
82%
Guardians Of The Galaxy Howard The Duck Howard
75%
No matching quizzes found
Score Distribution
Percent of People with Each Score
Percentile by Number Answered
Your Score History
You have not taken this quiz